Exploring Black adolescents’ perceptions of God during COVID-19: God images as a source of wellness
The purpose of this study was to examine challenges Black adolescents may experience because of COVID-19 and coping strategies employed to navigate their reported difficulties. The current study used secondary data analysis to understand how Black U.S. adolescents’ positive images of God contributed...
| Auteurs: | ; ; |
|---|---|
| Type de support: | Électronique Article |
| Langue: | Anglais |
| Vérifier la disponibilité: | HBZ Gateway |
| Interlibrary Loan: | Interlibrary Loan for the Fachinformationsdienste (Specialized Information Services in Germany) |
| Publié: |
2022
|
| Dans: |
Mental health, religion & culture
Année: 2022, Volume: 25, Numéro: 10, Pages: 974-990 |
| Sujets non-standardisés: | B
Covid-19
B black adolescents B God Images B Mental Health |
| Accès en ligne: |
Volltext (lizenzpflichtig) |
MARC
| LEADER | 00000caa a22000002c 4500 | ||
|---|---|---|---|
| 001 | 1850950431 | ||
| 003 | DE-627 | ||
| 005 | 20250225105440.0 | ||
| 007 | cr uuu---uuuuu | ||
| 008 | 230626s2022 xx |||||o 00| ||eng c | ||
| 024 | 7 | |a 10.1080/13674676.2022.2148641 |2 doi | |
| 035 | |a (DE-627)1850950431 | ||
| 035 | |a (DE-599)KXP1850950431 | ||
| 040 | |a DE-627 |b ger |c DE-627 |e rda | ||
| 041 | |a eng | ||
| 084 | |a 0 |2 ssgn | ||
| 100 | 1 | |a Parker, Janise S. |e VerfasserIn |0 (orcid)0000-0002-9894-4020 |4 aut | |
| 245 | 1 | 0 | |a Exploring Black adolescents’ perceptions of God during COVID-19: God images as a source of wellness |
| 264 | 1 | |c 2022 | |
| 336 | |a Text |b txt |2 rdacontent | ||
| 337 | |a Computermedien |b c |2 rdamedia | ||
| 338 | |a Online-Ressource |b cr |2 rdacarrier | ||
| 520 | |a The purpose of this study was to examine challenges Black adolescents may experience because of COVID-19 and coping strategies employed to navigate their reported difficulties. The current study used secondary data analysis to understand how Black U.S. adolescents’ positive images of God contributed to their emotional well-being in response to stressors associated with COVID-19. Data from a larger study were extracted from 11 Black adolescents’ (Ages 12–17; 54.5% female) individual interview transcripts; and the research team used an interpretative phenomenology process to analyze the data. Participants’ experiences of God as a (a) Teacher, (b) Powerful Being, and (c) Comforter served as robust contributors to their feelings of strength, hope, assurance, calmness, contentment, and motivation, despite the challenges they encountered. This study presents a culturally responsive approach to understanding and potentially responding to Black adolescents’ mental health needs during the COVID-era. | ||
| 601 | |a COVID-19 | ||
| 650 | 4 | |a God Images | |
| 650 | 4 | |a Covid-19 | |
| 650 | 4 | |a black adolescents | |
| 650 | 4 | |a Mental Health | |
| 700 | 1 | |a Williams, Breiana |e VerfasserIn |4 aut | |
| 700 | 1 | |a Mauney, Amaiya |e VerfasserIn |4 aut | |
| 773 | 0 | 8 | |i Enthalten in |t Mental health, religion & culture |d London [u.a.] : Taylor & Francis, 1998 |g 25(2022), 10, Seite 974-990 |h Online-Ressource |w (DE-627)320602273 |w (DE-600)2020319-6 |w (DE-576)096290595 |x 1469-9737 |7 nnas |
| 773 | 1 | 8 | |g volume:25 |g year:2022 |g number:10 |g pages:974-990 |
| 856 | 4 | 0 | |u https://doi.org/10.1080/13674676.2022.2148641 |x Resolving-System |z lizenzpflichtig |3 Volltext |7 1 |
| 935 | |a mteo | ||
| 951 | |a AR | ||
| ELC | |a 1 | ||
| ITA | |a 1 |t 1 | ||
| LOK | |0 000 xxxxxcx a22 zn 4500 | ||
| LOK | |0 001 4343387526 | ||
| LOK | |0 003 DE-627 | ||
| LOK | |0 004 1850950431 | ||
| LOK | |0 005 20230626055507 | ||
| LOK | |0 008 230626||||||||||||||||ger||||||| | ||
| LOK | |0 035 |a (DE-Tue135)IxTheo#2023-06-25#6D6497D6BF1296AC7ABB75DE5578B510935B5767 | ||
| LOK | |0 040 |a DE-Tue135 |c DE-627 |d DE-Tue135 | ||
| LOK | |0 092 |o n | ||
| LOK | |0 852 |a DE-Tue135 | ||
| LOK | |0 852 1 |9 00 | ||
| LOK | |0 935 |a ixzs |a zota | ||
| LOK | |0 939 |a 26-06-23 |b l01 | ||
| ORI | |a SA-MARC-ixtheoa001.raw | ||
| REL | |a 1 | ||
| SUB | |a REL | ||



